| 000 | 01493 am a2200421 a 4500 | ||
|---|---|---|---|
| 005 | 20231213090805.0 | ||
| 008 | 100915s1995||||sp a f |||| 001 0 spa d | ||
| 020 | _a8448601327 | ||
| 041 | _aspa | ||
| 092 |
_c575.1 _l14 _sCUM |
||
| 100 | 1 |
_aCummings, Michael R. _91468 |
|
| 245 |
_aHerencia humana. Principios y conceptos / _cMichael R. Cummings. |
||
| 250 |
_a1a ed. en español, traducido de la 3a ed. en inglés / _bTraducción P. Sánchez Creus. |
||
| 260 |
_aMadrid: _bInteramericana McGraw-Hill; _c1995. |
||
| 300 |
_a661 p. _bil. |
||
| 500 | _aCummings, M. R. (1995). Herencia humana. Principios y conceptos. (1a ed.). Madrid : Interamericana McGraw-Hill. | ||
| 653 | _aGenética | ||
| 653 | _aCromosomas, mitosis y meiosis | ||
| 653 | _aHerencia Mendeliana en los seres humanos | ||
| 653 | _aHerencia ligada al sexo | ||
| 653 | _aAnomalías cromosómicas | ||
| 653 | _aEstructura del ADN y organización de los cromosomas | ||
| 653 | _aADN recombinante y tecnología genética | ||
| 653 | _aAcción de los genes | ||
| 653 | _aGenética bioquímica | ||
| 653 | _aMutación | ||
| 653 | _aMutágenos, carcinógenos y teratógenos | ||
| 653 | _aGenes y cáncer | ||
| 653 | _aInmunogenética | ||
| 653 | _aHerencia poligénica | ||
| 653 | _aGenética del comportamiento | ||
| 653 | _aGenes en las poblaciones | ||
| 653 | _aDiversidad humana y evolución | ||
| 653 | _aGenética, ley y bioética | ||
| 930 | _a479 | ||
| 930 | _a480 | ||
| 942 |
_2ddc _cBK |
||
| 999 |
_c731 _d731 |
||